| 000 | 00383nam a2200157Ia 4500 | ||
|---|---|---|---|
| 008 | 230711s9999||||xx |||||||||||||| ||und|| | ||
| 041 | _aENG | ||
| 082 |
_a372.6 _bKO-E |
||
| 100 | _aKaur,Bhupinder | ||
| 245 | 0 | _aEffectual communication skills | |
| 250 | _a1st Ed. | ||
| 260 |
_c2007 _aNew Delhi _bS.K Kataria & Sons |
||
| 300 | _a196 | ||
| 650 | _aCOMMUNICATION SKILL | ||
| 942 | _cBK | ||
| 999 |
_c5013 _d5013 |
||